Crisis burguesa y unidad obrera (Record no. 92016)

MARC details
000 -LEADER
campo de control de longitud fija 01077nam a2200277 i 4500
001 - NÚMERO DE CONTROL
campo de control 92016
003 - IDENTIFICADOR DE NÚMERO DE CONTROL
campo de control ES-MaACL
005 - FECHA Y HORA DE LA ÚLTIMA TRANSACCIÓN
campo de control 20250829063117.0
007 - CAMPO FIJO DE DESCRIPCIÓN FÍSICA--INFORMACIÓN GENERAL
campo de control de longitud fija t|
008 - DATOS DE LONGITUD FIJA--INFORMACIÓN GENERAL
campo de control de longitud fija 050316s1994 sp ||||1| spa d
020 ## - NÚMERO INTERNACIONAL ESTÁNDAR DEL LIBRO
Número Internacional Estándar del Libro 84-87169-59-7
080 ## - NÚMERO DE LA CLASIFICACIÓN DECIMAL UNIVERSAL
Número de la Clasificación Decimal Universal 331.105.44(468.18)"1931/36"
080 ## - NÚMERO DE LA CLASIFICACIÓN DECIMAL UNIVERSAL
Número de la Clasificación Decimal Universal 308(468.18)"1931/36"
100 1# - ENTRADA PRINCIPAL--NOMBRE DE PERSONA
Nombre de persona Gutiérrez Molina, José Luis.
9 (RLIN) 61186
245 10 - MENCIÓN DEL TÍTULO
Título Crisis burguesa y unidad obrera
Resto del título : el sindicalismo en Cádiz durante la Segunda República /
Mención de responsabilidad, etc. José Luis Gutiérrez Molina.
260 ## - PUBLICACIÓN, DISTRIBUCIÓN, ETC.
Lugar de publicación, distribución, etc. [Madrid] :
Nombre del editor, distribuidor, etc. Fundación de Estudios Libertarios Anselmo Lorenzo,
Fecha de publicación, distribución, etc. [1994]
300 ## - DESCRIPCIÓN FÍSICA
Extensión 492 p. ;
Dimensiones 21 cm.
490 1# - MENCIÓN DE SERIE
Mención de serie Madre tierra (Fundación de Estudios Libertarios Anselmo Lorenzo)
RLIN 242128
650 14 - PUNTO DE ACCESO ADICIONAL DE MATERIA--TÉRMINO DE MATERIA
Término de materia o nombre geográfico como elemento de entrada Sindicalismo-
Subdivisión geográfica Cádiz-
Subdivisión cronológica 1931-1936.
9 (RLIN) 17111
651 #4 - PUNTO DE ACCESO ADICIONAL DE MATERIA--NOMBRE GEOGRÁFICO
Nombre geográfico Cádiz-
Subdivisión general Situación social-
Subdivisión cronológica 1931-1936.
9 (RLIN) 7919
710 2# - ENTRADA AGREGADA--NOMBRE DE ENTIDAD CORPORATIVA
Nombre de entidad corporativa o nombre de jurisdicción como elemento de entrada Fundación Anselmo Lorenzo.
9 (RLIN) 4216
830 #0 - PUNTO DE ACCESO ADICIONAL DE SERIE-TÍTULO UNIFORME
Título uniforme Madre tierra (Fundación de Estudios Libertarios Anselmo Lorenzo)
9 (RLIN) 242128
852 ## - LOCALIZACIÓN
Ubicación ES-MaACL
Número de control de estantería E-10843
Sublocalización o colección R.126867
942 ## - ELEMENTOS DE ENTRADA SECUNDARIOS (KOHA)
Fuente del sistema de clasificación o colocación Clasificación decimal universal
Holdings
Estatus retirado Estado de pérdida Estado de daño No para préstamo Biblioteca de origen Biblioteca actual Ubicación en estantería Fecha de adquisición Fuente de adquisición Total de préstamos Signatura topográfica completa Código de barras Visto por última vez Precio de reemplazo Tipo de ítem Koha
        Biblioteca del Ateneo de Madrid Biblioteca del Ateneo de Madrid Depósito 2 17/01/2008     E-10843 1096076 23/02/2023 23/02/2023 Libro impreso